Countries with the Most English Speakers - Statistics

General Stats
  • This quiz has been taken 1,600 times
    176 since last reset
  • The average score is 22 of 30
Answer Stats
English Speakers Country % Correct
299,270,000 United States
100%
63,718,834 United Kingdom
99%
23,161,344 Australia
94%
30,480,750 Canada
94%
10,000,000 China
94%
228,539,090 India
94%
16,722,208 South Africa
90%
45,400,000 Germany
89%
38,643,750 France
87%
15,686,262 Mexico
87%
108,044,691 Pakistan
87%
12,000,000 Brazil
85%
125,039,680 Nigeria
85%
10,400,000 Spain
82%
85,968,611 Indonesia
79%
44,373,802 Egypt
77%
10,784,488 Bangladesh
75%
70,117,935 Philippines
71%
19,000,000 Poland
67%
15,250,000 Netherlands
66%
41,332,711 Kenya
64%
15,580,000 Malaysia
62%
12,000,000 Turkey
61%
17,121,187 Thailand
56%
17,610,870 Ghana
49%
17,016,000 Ukraine
42%
19,800,000 Uganda
41%
11,095,000 Iraq
38%
11,850,710 Zimbabwe
33%
10,258,374 South Sudan
18%
No matching quizzes found
Score Distribution
Percent of People with Each Score
Percentile by Number Answered
Your Score History
You have not taken this quiz since the last reset